'C' TV Character Match Quiz Stats

Quiz Updated Apr 18, 2015

Also try: TV Duo Match-Up
Challenge
Share
Tweet
Score 0/25 Timer 04:00
10 Plays Today
% Correct
The Fresh Prince of Bel-Air
90.5%
Smallville
89.9%
Seinfeld
88.3%
The Cosby Show
88.1%
South Park
79%
Sex and the City
76.1%
Happy Days
69.9%
Cheers
68.2%
Family Matters
67.4%
Three's Company
66.2%
Grey's Anatomy
62.3%
Family Guy
60.3%
Hawaii Five-0
58.1%
% Correct
The Office (US)
47.3%
House of Cards
46.9%
The Nanny
44.2%
It's Always Sunny in Philadelphia
43.5%
The West Wing
37.6%
Homeland
37.5%
24
34.9%
Gossip Girl
34%
Sons of Anarchy
28.9%
Archer
28.5%
American Horror Story
25.2%
Charmed
22.6%

You're not logged in!

Compare scores with friends on all Sporcle quizzes.
Join for Free
OR
Log In

You Might Also Like...

Show Comments

Extras

Top Quizzes Today


Score Distribution

Your Account Isn't Verified!

In order to create a playlist on Sporcle, you need to verify the email address you used during registration. Go to your Sporcle Settings to finish the process.

Report this User

Report this user for behavior that violates our Community Guidelines.

Details: